000 01660nam a2200421 i 4500
001 196456
003 ES-MaACL
005 20250904233819.0
007 ta
008 240928s2006 sp a r 000 0 spa d
017 _aB 35578-2006
020 _a9788489192676 (
_qVol. 9)
020 _a8489192677 (
_qVol. 9)
020 _a978848919254 (
_qO.C.)
024 _aRebiun27511437
040 _aBUAH
_bspa
_cES-MaACL
245 0 0 _aEspaña, reserva espiritual de Occidente :
_b1949 /
_c[redacción M. Ángel Rodríguez... (et al.)].
260 _aMadrid :
_bUnidad editorial,
_c2006 (
_fGráficas Estella).
300 _a201 p. :
_bil. col. y n., gráf., mapas ;
_c25 cm.
336 _2rdacontent
_atexto
337 _2rdamedia
_asin mediación
338 _2rdacarrier
_avolumen
490 1 _aEl Franquismo, año a año ;
_v9
490 0 _aBiblioteca El Mundo
650 7 _aFranquismo
_2embne
_912981
651 7 _aEspaña-
_xPolítica y gobierno-
_y1939-1955
_9172445
651 7 _aEspaña-
_xSituación social-
_y1939-1975
_9163951
651 4 _aEspaña-
_xPolítica cultural-
_y1939-1975
_98401
655 7 _2tgfbne
_aLibros ilustrados
_9193653
700 _aRodríguez Bajón, Miguel Ángel,
_d1964-
_eaut
_9238960
830 3 _aEl franquismo, año a año
_v9
_9238963
852 _aES-MaACL
_cDEPOJ
_jA-15490
_hDonación: Fernando Codina Rodríguez
_xEncuadernación rústica con solapas
_zEn proceso
_9204157
903 _aCodina Rodríguez, Fernando
_ednr
_9238631
942 _n0
_cMONOGRAFIA
999 _c196456
_d196456